Culture G commençant par J - Statistiques

Statistiques générales
  • Ce quiz a été pris 262 fois
  • Le résultat moyen est 14 sur 20
Statistiques - réponses
Questions Réponse % Correct
Le 7eme mois Juillet
96%
L'une des émotions Joie
95%
Animal ou marque de voiture Jaguar
94%
Le pays du soleil levant Japon
93%
Le lion en est le roi Jungle
93%
Club mythique de Turin Juventus
93%
Ce style de musique va très bien avec la Java d'après Nougaro Jazz
90%
Le pétard, le bédo Joint
90%
Amman est le nom de sa capitale Jordanie
87%
Survêtement de sport Jogging
85%
Ville la plus peuplée d'Afrique du Sud Johannesburg
83%
L,M,M,_, V,S,D Jeudi
76%
1 Wattheure en vaut 3 600 Joules
66%
Bidon pour carburant Jerricane
59%
Relatif au droit ou à la justice Juridique
54%
Thierry Hazard aime le danser Jerk
52%
Propre à la jeunesse Juvénile
46%
Action de mettre deux choses côte à côte sans aucun lien Juxtaposition
27%
Roche sédimentaire contenant 80 à 95 % de silice Jaspe
8%
Champion de BMX français médaillé a Paris Anthony Jeanjean
5%
Aucun quiz correspondant
Distribution des résultats
% des personnes avec chaque résultat
Percentile par nombre de réponses
Votre historique - résultats
Vous n’avez pas pris ce quiz